[Event "Villa Ballester op 73rd"]
[Site "Buenos Aires"]
[Date "2024.01.19"]
[Round "1"]
[White "Domeniconi, Fabricio"]
[Black "Koch, Juan Enrique"]
[Result "0-1"]
[WhiteElo "1310"]
[BlackElo "1923"]
[PlyCount "84"]
[EventDate "2024.01.19"]
[EventType "swiss"]
[EventRounds "9"]
[EventCountry "ARG"]
[SourceTitle "CB06_2024"]
[SourceDate "2024.02.07"]
[SourceVersion "1"]
[SourceVersionDate "2024.02.07"]
[SourceQuality "1"]

1. c4 e6 2. Nc3 d5 3. cxd5 exd5 4. g3 Nf6 5. Bg2 c5 6. d3 Nc6 7. Nf3 d4 8. Ne4 Nxe4 9. dxe4 Be7 10. 0-0 0-0 11. Bf4 Be6 12. Qc2 h6 13. Rfd1 Qa5 14. Qd2 Qxd2 15. Bxd2 Rfd8 16. b3 a5 17. Bc1 a4 18. Rb1 axb3 19. axb3 Ra2 20. Rd2 Rda8 21. e3 Ra1 22. Rdb2 R8a2 23. exd4 cxd4 24. Nd2 Rxb1 25. Rxb1 Bb4 26. Nc4 b5 27. Nb2 Bxb3 28. Nd3 Bc4 29. Nxb4 Nxb4 30. Bf3 Nd3 31. Bf4 Rxf2 32. Bg4 Ra2 33. h4 b4 34. Bd1 Nb2 35. Be5 Nxd1 36. Rxd1 d3 37. Bf4 b3 38. Be5 Re2 39. Bc3 Rxe4 40. Kf2 Re2+ 41. Kf3 Rc2 42. Bd4 Re2 0-1

[Event "Buenos Aires Masters op"]
[Site "Buenos Aires"]
[Date "2023.06.15"]
[Round "2"]
[White "Unhold, Valentin"]
[Black "Koch, Juan Enrique"]
[Result "1-0"]
[WhiteElo "2060"]
[BlackElo "1947"]
[PlyCount "55"]
[EventDate "2023.06.14"]
[EventType "swiss"]
[EventRounds "9"]
[EventCountry "ARG"]
[SourceTitle "CBM 215 Extra"]
[Source "ChessBase"]
[SourceDate "2023.09.30"]
[SourceVersion "1"]
[SourceVersionDate "2023.09.30"]
[SourceQuality "1"]

1. Nf3 d5 2. b3 Nf6 3. Bb2 e6 4. e3 Nbd7 5. c4 Be7 6. Nc3 c5 7. cxd5 exd5 8. d4 0-0 9. Bd3 Re8 10. 0-0 Bd6 11. Rc1 cxd4 12. Nxd4 Ne5 13. Bf5 a6 14. h3 Nc6 15. Bxc8 Rxc8 16. Nf5 Bf8 17. Qf3 d4 18. Nxd4 Nxd4 19. exd4 Qxd4 20. Rfd1 Qh4 21. Qxb7 Bc5 22. Qf3 h6 23. Na4 Ne4 24. Nxc5 Nxc5 25. Rd4 Qe7 26. Rdc4 Qe2 27. Qxe2 Rxe2 28. Bd4 1-0

[Event "ARG-ch sf 98th"]
[Site "Buenos Aires"]
[Date "2023.05.04"]
[Round "6"]
[White "Koch, Juan Enrique"]
[Black "Paris, Adolfo"]
[Result "0-1"]
[WhiteElo "1962"]
[BlackElo "1815"]
[PlyCount "74"]
[EventDate "2023.04.29"]
[EventType "swiss"]
[EventRounds "9"]
[EventCountry "ARG"]
[SourceTitle "CBM 214 Extra"]
[Source "ChessBase"]
[SourceDate "2023.07.31"]
[SourceVersion "1"]
[SourceVersionDate "2023.07.31"]
[SourceQuality "1"]

1. d4 e6 2. Nf3 Nf6 3. c3 b6 4. Bf4 Bb7 5. e3 Be7 6. h3 0-0 7. Nbd2 Nd5 8. Bh2 f5 9. Bd3 Nf6 10. Qc2 Kh8 11. 0-0-0 c5 12. e4 c4 13. Bxc4 fxe4 14. Ng5 Ng8 15. h4 Bxg5 16. hxg5 Qxg5 17. Bg3 Nh6 18. Bh4 Qg6 19. Nf1 d5 20. Be2 Nd7 21. Ne3 Nf5 22. Nxf5 exf5 23. Be7 Rfe8 24. Ba3 Nf6 25. g3 Re6 26. Rdg1 a5 27. g4 fxg4 28. Qd1 e3 29. f3 Ba6 30. Bxa6 Rxa6 31. Qe2 Ra8 32. fxg4 Ne4 33. Rh3 Rae8 34. Rf3 Nd2 35. Rf5 Rf6 36. Rd1 Rxf5 37. gxf5 Qxf5 0-1

[Event "ARG-ch sf 98th"]
[Site "Buenos Aires"]
[Date "2023.05.03"]
[Round "5"]
[White "Ibarra, Juan Martin"]
[Black "Koch, Juan Enrique"]
[Result "1-0"]
[WhiteElo "2182"]
[BlackElo "1962"]
[PlyCount "107"]
[EventDate "2023.04.29"]
[EventType "swiss"]
[EventRounds "9"]
[EventCountry "ARG"]
[SourceTitle "CBM 214 Extra"]
[Source "ChessBase"]
[SourceDate "2023.07.31"]
[SourceVersion "1"]
[SourceVersionDate "2023.07.31"]
[SourceQuality "1"]

1. e4 e5 2. Nf3 Nc6 3. Bb5 Nf6 4. 0-0 Nxe4 5. Re1 Nd6 6. a4 Be7 7. Nc3 0-0 8. d4 e4 9. Nxe4 Nxe4 10. Rxe4 d5 11. Re1 Bg4 12. c3 Bf6 13. h3 Bxf3 14. Qxf3 Ne7 15. Bd2 c6 16. Bd3 Nc8 17. h4 Nd6 18. g3 Qd7 19. h5 Rfe8 20. h6 Rxe1+ 21. Rxe1 Re8 22. Rxe8+ Nxe8 23. Kg2 g6 24. g4 Be7 25. g5 f5 26. c4 Nc7 27. Qg3 Bd6 28. Qf3 Be7 29. b3 Kf8 30. Qg3 Bd6 31. Qe3 Qe6 32. Qf3 Qd7 33. a5 a6 34. Qe3 Qe6 35. Qf3 Qd7 36. Kf1 Be7 37. Qe3 Qe6 38. Qh3 Ne8 39. c5 Bd8 40. Bf4 Bxa5 41. Qg3 Qe7 42. Bd6 Nxd6 43. cxd6 Qe1+ 44. Kg2 Qe6 45. d7 Bd8 46. Qb8 Qxd7 47. Qe5 Qf7 48. Qh8+ Ke7 49. f4 Kd7 50. Kf3 Qe7 51. Qg7 Bc7 52. Bxf5+ gxf5 53. g6 hxg6 54. Qxe7+ 1-0

[Event "Vicente Lopez ProAm 100 Years op"]
[Site "Buenos Aires"]
[Date "2022.10.15"]
[Round "5"]
[White "Mackeprang, Luis"]
[Black "Koch, Juan Enrique"]
[Result "0-1"]
[WhiteElo "2153"]
[BlackElo "1933"]
[PlyCount "90"]
[EventDate "2022.10.11"]
[EventType "swiss"]
[EventRounds "9"]
[EventCountry "ARG"]
[SourceTitle "CBM 210 Extra"]
[Source "ChessBase"]
[SourceDate "2022.11.30"]
[SourceVersion "1"]
[SourceVersionDate "2022.11.30"]
[SourceQuality "1"]

1. e4 e5 2. Nf3 Nc6 3. Bb5 Nge7 4. d4 exd4 5. Nxd4 g6 6. Be3 Bg7 7. c4 0-0 8. Nc3 d6 9. h3 a6 10. Ba4 Ne5 11. Bb3 c5 12. Nde2 b5 13. cxb5 c4 14. Bc2 axb5 15. Nxb5 Ba6 16. Nbc3 Rb8 17. Rb1 Nd3+ 18. Bxd3 cxd3 19. Nf4 d5 20. Nfxd5 Nxd5 21. Nxd5 f5 22. Qa4 d2+ 23. Bxd2 Bd3 24. Rd1 fxe4 25. Ne3 Qf6 26. Ng4 Qxb2 27. Qd7 Qxa2 28. h4 h5 29. Ne3 Rf7 30. Qc6 Rbf8 31. Qxg6 Rxf2 32. Qxh5 Qf7 33. Qxf7+ R8xf7 34. Rc1 Re2+ 35. Kd1 Rff2 36. Nf1 Rxg2 37. Rc8+ Kh7 38. h5 Ref2 39. h6 Be5 40. Re8 Bxf1 41. Re7+ Kg6 42. Rxe5 Rxd2+ 43. Ke1 Bd3 44. Rg1 Rde2+ 45. Kf1 Ra2+ 0-1

[Event "ARG-ch sf 95th"]
[Site "Buenos Aires"]
[Date "2020.02.27"]
[Round "6"]
[White "Koch, Juan Enrique"]
[Black "Cimer, Emanuel"]
[Result "1/2-1/2"]
[WhiteElo "2000"]
[BlackElo "2237"]
[PlyCount "67"]
[EventDate "2020.02.22"]
[EventType "swiss"]
[EventRounds "9"]
[EventCountry "ARG"]
[SourceTitle "CBM 195 Extra"]
[Source "ChessBase"]
[SourceDate "2020.05.31"]
[SourceVersion "1"]
[SourceVersionDate "2020.05.31"]
[SourceQuality "1"]

1. Nf3 Nf6 2. c4 g6 3. Nc3 Bg7 4. e4 d6 5. d4 0-0 6. Be2 Nbd7 7. e5 Ne8 8. e6 fxe6 9. Ng5 Ndf6 10. h4 d5 11. h5 Nd6 12. hxg6 hxg6 13. Qc2 Nde4 14. Ncxe4 dxe4 15. Be3 c6 16. 0-0-0 Qa5 17. Kb1 e5 18. d5 cxd5 19. cxd5 Bd7 20. Qc3 Qxc3 21. bxc3 Rfc8 22. c4 b6 23. d6 e6 24. Rh4 Rd8 25. Nxe4 Nxe4 26. Rxe4 Bf6 27. Rg4 Kg7 28. Bd3 Be8 29. Bc2 Bf7 30. a4 Rac8 31. Bc1 Rc6 32. Ba3 g5 33. Rh1 Bg8 34. Rc1 1/2-1/2

[Event "ARG-ch Seniors 50"]
[Site "Coronel Pringles"]
[Date "2019.12.13"]
[Round "2.6"]
[White "Koch, Juan Enrique"]
[Black "Nieto, Sebastian"]
[Result "1/2-1/2"]
[WhiteElo "2019"]
[BlackElo "2088"]
[PlyCount "70"]
[EventDate "2019.12.13"]
[EventType "swiss"]
[EventRounds "7"]
[EventCountry "ARG"]
[SourceTitle "EXT 2024"]
[Source "ChessBase"]
[SourceDate "2023.10.10"]
[SourceVersion "1"]
[SourceVersionDate "2023.10.10"]
[SourceQuality "1"]

1. Nf3 Nf6 2. c4 g6 3. Nc3 c5 4. d4 cxd4 5. Nxd4 Nc6 6. e4 Bg7 7. Be3 0-0 8. Be2 d6 9. 0-0 a6 10. h3 e6 11. Qd2 Qc7 12. Rac1 Rd8 13. Rfd1 Qe7 14. Nxc6 bxc6 15. e5 Ne8 16. exd6 Rxd6 17. Qc2 e5 18. Rxd6 Qxd6 19. Rd1 Qc7 20. Bc5 f5 21. Qd2 Be6 22. Na4 Qf7 23. b3 Bf6 24. Qa5 Qb7 25. Bb6 Ng7 26. Bd8 Qf7 27. Bxf6 Qxf6 28. Rd6 e4 29. Qc3 Qxc3 30. Nxc3 Rc8 31. c5 a5 32. Ba6 Rc7 33. Rd8+ Kf7 34. Ra8 Kf6 35. Rf8+ Ke5 1/2-1/2

[Event "ARG-ch Seniors 50"]
[Site "Coronel Pringles"]
[Date "2019.12.13"]
[Round "1.10"]
[White "Tkalecz, David"]
[Black "Koch, Juan Enrique"]
[Result "0-1"]
[WhiteElo "1712"]
[BlackElo "2019"]
[PlyCount "104"]
[EventDate "2019.12.13"]
[EventType "swiss"]
[EventRounds "7"]
[EventCountry "ARG"]
[SourceTitle "EXT 2024"]
[Source "ChessBase"]
[SourceDate "2023.10.10"]
[SourceVersion "1"]
[SourceVersionDate "2023.10.10"]
[SourceQuality "1"]

1. d4 Nf6 2. Bf4 e6 3. e3 c5 4. c3 b6 5. Nd2 Bb7 6. Ngf3 Be7 7. Bd3 Nc6 8. 0-0 0-0 9. h3 d6 10. e4 cxd4 11. cxd4 Nb4 12. Bb1 Ba6 13. Re1 Nd3 14. Bxd3 Bxd3 15. Qb3 Ba6 16. Rac1 Qd7 17. Qe3 Rfc8 18. Nb3 Bb7 19. Nfd2 Rxc1 20. Rxc1 Rc8 21. f3 Rxc1+ 22. Nxc1 e5 23. Bg3 exd4 24. Qxd4 d5 25. Ncb3 dxe4 26. Qxd7 Nxd7 27. Nxe4 f5 28. Nd6 Bxd6 29. Bxd6 Bd5 30. Nc1 Kf7 31. a3 Ke6 32. Bb4 Ne5 33. Ne2 Nc6 34. Nf4+ Ke5 35. Nxd5 Kxd5 36. Bc3 g6 37. Kf2 Kc4 38. Ke3 Ne7 39. Kd2 Nd5 40. Be5 a5 41. Bg7 Nf4 42. g3 Nxh3 43. Ke3 Ng5 44. Bd4 b5 45. Bb6 a4 46. Ba5 Ne6 47. Bc3 Nc7 48. Kd2 Na6 49. Be5 h5 50. Bd6 g5 51. Ke2 Kb3 52. Be5 Nc5 0-1

[Event "Buenos Aires Faogba 36th"]
[Site "Buenos Aires"]
[Date "2019.11.26"]
[Round "6.3"]
[White "Barrionuevo, Pablo"]
[Black "Koch, Juan Enrique"]
[Result "1-0"]
[WhiteElo "2230"]
[BlackElo "2012"]
[PlyCount "83"]
[EventDate "2019.11.07"]
[EventType "swiss"]
[EventRounds "7"]
[EventCountry "ARG"]
[SourceTitle "EXT 2024"]
[Source "ChessBase"]
[SourceDate "2023.10.10"]
[SourceVersion "1"]
[SourceVersionDate "2023.10.10"]
[SourceQuality "1"]

1. d4 Nf6 2. c4 e6 3. Nf3 d5 4. Bg5 Be7 5. Nc3 Nbd7 6. Qc2 h6 7. Bh4 0-0 8. 0-0-0 c6 9. e4 Nxe4 10. Bxe7 Qxe7 11. Nxe4 dxe4 12. Qxe4 Nf6 13. Qh4 Re8 14. Bd3 b5 15. c5 Nd5 16. Qg3 Bb7 17. Rhe1 Qf6 18. Re4 Rad8 19. h4 Ne7 20. Qc7 Bc8 21. Bc2 Nd5 22. Qg3 Ne7 23. Ne5 Rd5 24. Rf4 Nf5 25. Qd3 Rxe5 26. dxe5 Qxe5 27. Qe4 Qxe4 28. Bxe4 Ne7 29. Rd6 Nd5 30. Bxd5 cxd5 31. Rb4 a6 32. a4 bxa4 33. Rb8 Kf8 34. Kd2 Ke7 35. Kc3 a5 36. Ra8 e5 37. Rxd5 Ke6 38. Rd6+ Kf5 39. c6 e4 40. Kd4 e3 41. fxe3 Re4+ 42. Kd3 1-0

[Event "Buenos Aires ProAm op 26th"]
[Site "Buenos Aires"]
[Date "2019.10.11"]
[Round "6"]
[White "Lopez, Cesar1111"]
[Black "Koch, Juan Enrique"]
[Result "0-1"]
[WhiteElo "1661"]
[BlackElo "2006"]
[PlyCount "106"]
[EventDate "2019.10.06"]
[EventType "team-swiss"]
[EventRounds "8"]
[EventCountry "ARG"]
[SourceTitle "CBM 192 Extra"]
[Source "Chessbase"]
[SourceDate "2019.11.06"]
[SourceVersion "1"]
[SourceVersionDate "2019.11.06"]
[SourceQuality "1"]

1. d4 Nf6 2. Bf4 g6 3. e3 Bg7 4. Be2 d6 5. c4 0-0 6. Nc3 Nbd7 7. Bg3 e5 8. d5 a5 9. f3 Nc5 10. e4 Nh5 11. Bf2 f5 12. exf5 gxf5 13. g3 Nf6 14. Be3 f4 15. Bf2 e4 16. Bxc5 dxc5 17. Nxe4 Nxe4 18. fxe4 Bxb2 19. Nf3 Bc3+ 20. Kf2 fxg3+ 21. hxg3 Bxa1 22. Qxa1 Bg4 23. Rh4 Bxf3 24. Bxf3 Qf6 25. Qxf6 Rxf6 26. e5 Rf5 27. e6 Raf8 28. e7 Rxf3+ 29. Ke2 Rf2+ 30. Ke1 Rf1+ 31. Ke2 R8f2+ 32. Ke3 Kf7 33. Rxh7+ Ke8 34. g4 Rxa2 35. g5 Rf7 36. Rh8+ Kxe7 37. g6 Rg7 38. Rc8 Kf6 39. Ke4 Kxg6 40. Rb8 Re2+ 41. Kd3 Rb2 42. Kc3 Rb4 43. Ra8 b6 44. Ra7 Kf6 45. Ra8 Rg3+ 46. Kd2 Rxc4 47. Rc8 Rh4 48. Ke2 Rh2+ 49. Kf1 Ra3 50. Kg1 Rd2 51. Rf8+ Ke7 52. Rf1 Raa2 53. Re1+ Kd6 0-1

[Event "Buenos Aires ProAm op 26th"]
[Site "Buenos Aires"]
[Date "2019.10.10"]
[Round "5"]
[White "Koch, Juan Enrique"]
[Black "Galli, Gabriel"]
[Result "1-0"]
[WhiteElo "2006"]
[BlackElo "1904"]
[PlyCount "58"]
[EventDate "2019.10.06"]
[EventType "team-swiss"]
[EventRounds "8"]
[EventCountry "ARG"]
[SourceTitle "CBM 192 Extra"]
[Source "Chessbase"]
[SourceDate "2019.11.06"]
[SourceVersion "1"]
[SourceVersionDate "2019.11.06"]
[SourceQuality "1"]

1. c4 Nf6 2. g3 g6 3. Bg2 Bg7 4. Nc3 c6 5. e4 0-0 6. Nf3 d5 7. cxd5 cxd5 8. e5 Ne4 9. Qb3 e6 10. d4 Nc6 11. 0-0 f6 12. Be3 Nxc3 13. Qxc3 fxe5 14. Qd2 exd4 15. Nxd4 Nxd4 16. Bxd4 Bxd4 17. Qxd4 Qd6 18. Rfe1 Bd7 19. Rac1 b6 20. h4 Rac8 21. h5 Rxc1 22. Rxc1 Rf5 23. hxg6 hxg6 24. Be4 Qe5 25. Qxe5 Rxe5 26. Bxg6 Re2 27. Rc7 Bb5 28. Rxa7 d4 29. a4 Bc6 1-0

[Event "Buenos Aires ProAm op 26th"]
[Site "Buenos Aires"]
[Date "2019.10.09"]
[Round "4"]
[White "Koch, Juan Enrique"]
[Black "Fiorito, Joaquin"]
[Result "1/2-1/2"]
[WhiteElo "2006"]
[BlackElo "1875"]
[PlyCount "71"]
[EventDate "2019.10.06"]
[EventType "team-swiss"]
[EventRounds "8"]
[EventCountry "ARG"]
[SourceTitle "CBM 192 Extra"]
[Source "Chessbase"]
[SourceDate "2019.11.06"]
[SourceVersion "1"]
[SourceVersionDate "2019.11.06"]
[SourceQuality "1"]

1. c4 e6 2. g3 Nf6 3. Bg2 d5 4. Nf3 Be7 5. 0-0 0-0 6. d4 dxc4 7. Qc2 b5 8. a4 b4 9. Ne5 Qxd4 10. Bxa8 Qxe5 11. Bf4 Qh5 12. Bf3 Ng4 13. Bxg4 Qxg4 14. f3 Bc5+ 15. Kg2 Qh5 16. g4 Qd5 17. Nd2 Ba6 18. Ne4 f5 19. Nxc5 Qxc5 20. gxf5 exf5 21. Rad1 c3 22. Rfe1 Qc4 23. e3 h6 24. Rd4 Qc6 25. Rxb4 Qg6+ 26. Kf2 Nc6 27. Qxc3 Nxb4 28. Qxb4 Qc6 29. Qc3 Qxc3 30. bxc3 c6 31. Rd1 Rf7 32. Rd6 Bb7 33. h4 Kh7 34. h5 Re7 35. Ke2 Kg8 36. Kf2 1/2-1/2

[Event "Buenos Aires ProAm op 26th"]
[Site "Buenos Aires"]
[Date "2019.10.08"]
[Round "3"]
[White "Pereyra, Jonathan Leonel"]
[Black "Koch, Juan Enrique"]
[Result "1-0"]
[WhiteElo "1899"]
[BlackElo "2006"]
[PlyCount "91"]
[EventDate "2019.10.06"]
[EventType "team-swiss"]
[EventRounds "8"]
[EventCountry "ARG"]
[SourceTitle "CBM 192 Extra"]
[Source "Chessbase"]
[SourceDate "2019.11.06"]
[SourceVersion "1"]
[SourceVersionDate "2019.11.06"]
[SourceQuality "1"]

1. d4 Nf6 2. Bf4 d5 3. e3 c5 4. Nc3 e6 5. Nb5 Na6 6. Nf3 c4 7. c3 Qb6 8. a4 Bd7 9. b3 cxb3 10. Qxb3 Ne4 11. Ne5 g5 12. Nxd7 Kxd7 13. Be5 f6 14. f3 Nec5 15. dxc5 Nxc5 16. Qb2 fxe5 17. c4 Qa5+ 18. Kf2 Bg7 19. cxd5 exd5 20. Rd1 Rhd8 21. Rxd5+ Ke7 22. Rxe5+ Bxe5 23. Qxe5+ Ne6 24. Bc4 Qb6 25. Nd4 Rxd4 26. exd4 Qxd4+ 27. Qxd4 Nxd4 28. Re1+ Kd6 29. Re4 Nc6 30. h4 Ne5 31. hxg5 Rc8 32. Rd4+ Kc5 33. Rd5+ Kxc4 34. Rxe5 Rc7 35. f4 Kd4 36. Kf3 a6 37. Re4+ Kd5 38. f5 b5 39. axb5 axb5 40. f6 Kd6 41. Kf4 Rb7 42. Kf5 b4 43. Re6+ Kd5 44. Re7 Rb8 45. f7 Rf8 46. Kf6 1-0

[Event "Buenos Aires ProAm op 26th"]
[Site "Buenos Aires"]
[Date "2019.10.07"]
[Round "2"]
[White "Koch, Juan Enrique"]
[Black "Silva, Lucas"]
[Result "0-1"]
[WhiteElo "2006"]
[BlackElo "2116"]
[PlyCount "70"]
[EventDate "2019.10.06"]
[EventType "team-swiss"]
[EventRounds "8"]
[EventCountry "ARG"]
[SourceTitle "CBM 192 Extra"]
[Source "Chessbase"]
[SourceDate "2019.11.06"]
[SourceVersion "1"]
[SourceVersionDate "2019.11.06"]
[SourceQuality "1"]

1. d4 f5 2. g3 Nf6 3. Bg2 g6 4. h4 d6 5. Nh3 Bg7 6. Nc3 c6 7. d5 cxd5 8. Nxd5 Nxd5 9. Bxd5 e6 10. Bg2 Nc6 11. Nf4 0-0 12. c3 Qc7 13. 0-0 Bd7 14. e4 fxe4 15. Bxe4 Rae8 16. Be3 d5 17. Bg2 Ne5 18. Bd4 Bh6 19. Bxe5 Qxe5 20. Nd3 Qc7 21. f4 Bb5 22. Re1 Bxd3 23. Qxd3 Qb6+ 24. Kh1 Qxb2 25. Rab1 Qf2 26. Re2 Qc5 27. Rxb7 Bg7 28. Qa6 Qxc3 29. Rxe6 Qxg3 30. Rb3 Qxf4 31. Rxe8 Rxe8 32. Bxd5+ Kh8 33. Qc4 Bd4 34. Rf3 Re1+ 35. Kg2 Rg1+ 0-1

[Event "Buenos Aires Szmetan Giardelli op"]
[Site "Buenos Aires"]
[Date "2018.12.07"]
[Round "4"]
[White "Koch, Juan Enrique"]
[Black "Bosco, Giuliana"]
[Result "1-0"]
[WhiteElo "1983"]
[BlackElo "1578"]
[PlyCount "54"]
[EventDate "2018.12.04"]
[EventType "swiss"]
[EventRounds "9"]
[EventCountry "ARG"]
[SourceTitle "CBM 187 Extra"]
[Source "ChessBase"]
[SourceDate "2018.11.04"]
[SourceVersion "1"]
[SourceVersionDate "2018.11.04"]
[SourceQuality "1"]

1. Nf3 Nf6 2. c4 g6 3. Nc3 Bg7 4. e4 d6 5. d4 0-0 6. Be2 e5 7. dxe5 dxe5 8. Qxd8 Rxd8 9. Bg5 Re8 10. Nd5 Nxd5 11. cxd5 c6 12. Bc4 Bd7 13. Be3 h6 14. 0-0-0 a5 15. Kb1 Na6 16. Bb6 g5 17. dxc6 Bxc6 18. Bd5 Rac8 19. Be3 Nb4 20. Bxc6 Nxc6 21. Rd5 Rcd8 22. Rhd1 b5 23. Rxd8 Rxd8 24. Rxd8+ Nxd8 25. Kc2 b4 26. Bc5 Nc6 27. Bd6 f6 1-0

[Event "Buenos Aires Szmetan Giardelli op"]
[Site "Buenos Aires"]
[Date "2018.12.06"]
[Round "3"]
[White "Martinez de Negri, Agustin Gonzalo"]
[Black "Koch, Juan Enrique"]
[Result "1-0"]
[WhiteElo "2211"]
[BlackElo "1983"]
[PlyCount "85"]
[EventDate "2018.12.04"]
[EventType "swiss"]
[EventRounds "9"]
[EventCountry "ARG"]
[SourceTitle "CBM 187 Extra"]
[Source "ChessBase"]
[SourceDate "2018.11.04"]
[SourceVersion "1"]
[SourceVersionDate "2018.11.04"]
[SourceQuality "1"]

1. e4 e5 2. Nf3 Nc6 3. Bc4 Nf6 4. Ng5 d5 5. exd5 Na5 6. Bb5+ c6 7. dxc6 bxc6 8. Qf3 Be7 9. Bd3 0-0 10. 0-0 h6 11. Ne4 Nd5 12. Ng3 Nb4 13. Be4 Nb7 14. a3 Nd5 15. c4 Nf6 16. Bxc6 Rb8 17. b4 Bg4 18. Qe3 Qc7 19. Bxb7 Rxb7 20. h3 Be6 21. d3 a5 22. b5 Bc5 23. Qe2 Bd4 24. Bb2 Rd8 25. Bxd4 Rxd4 26. Nc3 Nd7 27. Rfe1 Nc5 28. Rad1 f6 29. Nce4 Nxd3 30. Rxd3 Bxc4 31. Red1 Bxd3 32. Rxd3 Qc1+ 33. Kh2 Qc4 34. Rxd4 Qxd4 35. Qg4 Qd8 36. Nf5 Kh7 37. Nh4 Rxb5 38. Qg6+ Kg8 39. Nf5 Rb7 40. Nxh6+ Kf8 41. Qh7 Ke8 42. Qg8+ Ke7 43. Qf7# 1-0

[Event "Buenos Aires Faogba 35th"]
[Site "Buenos Aires"]
[Date "2018.11.??"]
[Round "4.5"]
[White "Koch, Juan Enrique"]
[Black "Barrionuevo, Pablo"]
[Result "0-1"]
[WhiteElo "1942"]
[BlackElo "2261"]
[PlyCount "74"]
[EventDate "2018.11.13"]
[EventType "swiss"]
[EventRounds "7"]
[EventCountry "ARG"]
[SourceTitle "EXT 2024"]
[Source "ChessBase"]
[SourceDate "2023.10.10"]
[SourceVersion "1"]
[SourceVersionDate "2023.10.10"]
[SourceQuality "1"]

1. Nf3 Nf6 2. c4 e6 3. g3 d5 4. Bg2 d4 5. 0-0 c5 6. e3 Nc6 7. exd4 cxd4 8. d3 Be7 9. Bg5 0-0 10. Re1 h6 11. Bxf6 Bxf6 12. Nbd2 Rb8 13. a3 a5 14. c5 Re8 15. Rb1 Be7 16. Qc2 Bd7 17. b4 axb4 18. axb4 b5 19. Qb2 Qc7 20. Ra1 e5 21. Ra6 Bf8 22. Rea1 Kh8 23. Ne1 f5 24. Bd5 Be7 25. Nef3 Bf6 26. Qa3 Qc8 27. Rb6 Rxb6 28. cxb6 Qb8 29. Nb3 Qd6 30. Bxc6 Bxc6 31. Ne1 Qd5 32. f3 e4 33. Nc5 exf3 34. Qb3 Rxe1+ 35. Rxe1 f2+ 36. Kf1 Qg2+ 37. Ke2 Bf3+ 0-1